Liquorice From Botany to Phytochemistry /

.

Λεπτομέρειες βιβλιογραφικής εγγραφής
Κύριοι συγγραφείς: Öztürk, Münir (Συγγραφέας, http://id.loc.gov/vocabulary/relators/aut), Altay, Volkan (http://id.loc.gov/vocabulary/relators/aut), Hakeem, Khalid Rehman (http://id.loc.gov/vocabulary/relators/aut), Akçiçek, Eren (http://id.loc.gov/vocabulary/relators/aut)
Συγγραφή απο Οργανισμό/Αρχή: SpringerLink (Online service)
Μορφή: Ηλεκτρονική πηγή Ηλ. βιβλίο
Γλώσσα:English
Έκδοση: Cham : Springer International Publishing : Imprint: Springer, 2017.
Έκδοση:1st ed. 2017.
Σειρά:SpringerBriefs in Plant Science,
Θέματα:
Διαθέσιμο Online:Full Text via HEAL-Link
LEADER 02631nam a2200565 4500
001 978-3-319-74240-3
003 DE-He213
005 20191025062348.0
007 cr nn 008mamaa
008 180319s2017 gw | s |||| 0|eng d
020 |a 9783319742403  |9 978-3-319-74240-3 
024 7 |a 10.1007/978-3-319-74240-3  |2 doi 
040 |d GrThAP 
050 4 |a QK861-899 
072 7 |a PST  |2 bicssc 
072 7 |a SCI007000  |2 bisacsh 
072 7 |a PST  |2 thema 
072 7 |a PSB  |2 thema 
082 0 4 |a 572.572  |2 23 
100 1 |a Öztürk, Münir.  |e author.  |4 aut  |4 http://id.loc.gov/vocabulary/relators/aut 
245 1 0 |a Liquorice  |h [electronic resource] :  |b From Botany to Phytochemistry /  |c by Münir Öztürk, Volkan Altay, Khalid Rehman Hakeem, Eren Akçiçek. 
250 |a 1st ed. 2017. 
264 1 |a Cham :  |b Springer International Publishing :  |b Imprint: Springer,  |c 2017. 
300 |a XIII, 139 p. 10 illus. in color.  |b online resource. 
336 |a text  |b txt  |2 rdacontent 
337 |a computer  |b c  |2 rdamedia 
338 |a online resource  |b cr  |2 rdacarrier 
347 |a text file  |b PDF  |2 rda 
490 1 |a SpringerBriefs in Plant Science,  |x 2192-1229 
505 0 |a Introduction -- Botany -- Ecology -- Ecophysicological Aspects -- Liqurice-Mycorrhiza Interactions -- Molecular Aspects -- Pharmacolgical Activities and Phytochemical Constituents -- Economic Importance -- Cultivation. . 
520 |a  . 
650 0 |a Plant biochemistry. 
650 0 |a Plant physiology. 
650 0 |a Nutrition   . 
650 0 |a Medicinal chemistry. 
650 1 4 |a Plant Biochemistry.  |0 http://scigraph.springernature.com/things/product-market-codes/L14021 
650 2 4 |a Plant Physiology.  |0 http://scigraph.springernature.com/things/product-market-codes/L33020 
650 2 4 |a Nutrition.  |0 http://scigraph.springernature.com/things/product-market-codes/C18000 
650 2 4 |a Medicinal Chemistry.  |0 http://scigraph.springernature.com/things/product-market-codes/C28000 
700 1 |a Altay, Volkan.  |e author.  |4 aut  |4 http://id.loc.gov/vocabulary/relators/aut 
700 1 |a Hakeem, Khalid Rehman.  |e author.  |4 aut  |4 http://id.loc.gov/vocabulary/relators/aut 
700 1 |a Akçiçek, Eren.  |e author.  |4 aut  |4 http://id.loc.gov/vocabulary/relators/aut 
710 2 |a SpringerLink (Online service) 
773 0 |t Springer eBooks 
776 0 8 |i Printed edition:  |z 9783319742397 
776 0 8 |i Printed edition:  |z 9783319742410 
830 0 |a SpringerBriefs in Plant Science,  |x 2192-1229 
856 4 0 |u https://doi.org/10.1007/978-3-319-74240-3  |z Full Text via HEAL-Link 
912 |a ZDB-2-SBL 
950 |a Biomedical and Life Sciences (Springer-11642)